Central Library OPAC University of Rajshahi

Basic college algebra / (Record no. 6331)

MARC details
000 -LEADER
fixed length control field 00655cam a2200241 4500
001 - CONTROL NUMBER
control field 6331
003 - CONTROL NUMBER IDENTIFIER
rucl marc code BD-RjUL
005 - DATE AND TIME OF LATEST TRANSACTION
control field 20211208234226.0
008 - FIXED-LENGTH DATA ELEMENTS--GENERAL INFORMATION
fixed length control field 140109s1972 maua 001 0 eng
020 ## - INTERNATIONAL STANDARD BOOK NUMBER
International Standard Book Number 0669739995
035 ## - SYSTEM CONTROL NUMBER
System control number (BD-RjUL)6371
040 ## - CATALOGING SOURCE
Original cataloging agency DLC
Transcribing agency DLC
Modifying agency DLC
-- BD-RjUL
Language of cataloging eng
041 ## - LANGUAGE CODE
Language code of text/sound track or separate title eng
082 00 - DEWEY DECIMAL CLASSIFICATION NUMBER
Classification number 512.9042
Author mark and year HAB 1972
100 1# - MAIN ENTRY--PERSONAL NAME
Personal name Hart, William Le Roy,
Dates associated with a name 1892-
9 (RLIN) 19938
245 10 - TITLE STATEMENT
Title Basic college algebra /
Statement of responsibility, etc. William L. Hart.
260 ## - PUBLICATION, DISTRIBUTION, ETC. (IMPRINT)
Place of publication, distribution, etc. Lexington, Mass. :
Name of publisher, distributor, etc. D. C. Heath ,
Date of publication, distribution, etc. c1972
300 ## - PHYSICAL DESCRIPTION
Pagination xvi, 359 p. :
Illustrations illus. ;
Size 24 cm.
650 #0 - SUBJECT ADDED ENTRY--TOPICAL TERM
Topical term or geographic name as entry element Algebra.
9 (RLIN) 19939
942 ## - ADDED ENTRY ELEMENTS (KOHA)
Source of classification or shelving scheme Dewey Decimal Classification
Koha item type Books
Holdings
Lost status Source of classification or shelving scheme Damaged status Not for loan Collection code Permanent Location Current Location Shelving location Date acquired Source of acquisition Total Checkouts Full call number Date last seen Copy number Koha item type
  Dewey Decimal Classification   Not For Loan Non-fiction Central Library, University of Rajshahi Central Library, University of Rajshahi   08/10/1985 Asia foundation   512.9042 HAB 1972 09/01/2014 C-1 Books